000 00543nam a2200193Ia 4500
005 20250508161022.0
008 008 250505s9999 xx 000 0 eng d
020 _a0-7100-8967-8
037 _aTextual
040 _aFEDL
_beng
_cFEDL
041 _aeng
_2eng
084 _a371.27, MON
_qFEDL
100 _aMontgomery Robert
_9341689
245 0 _aNew examination of examinations
260 _aLondon, UK
_bRoutledge and Kegan Paul
_c1978
300 _aviii,88p
942 _cTEXL
_h371.27, MON
999 _c1367957
_d1367957